Merhaba ey demokrasi (Record no. 7871)

MARC details
000 -BAŞLIK
Sabit Uzunlukta Kontrol Alanı 00701na a2200229 4500
001 - KONTROL NUMARASI
Denetim Alanı 15905
003 - KONTROL NUMARASI IDENTIFIER
Denetim Alanı MIRAKIL
005 - SON İŞLEM TARİHİ VE ZAMANI
Denetim Alanı 20181213155152.0
008 - SABİT-BOY VERİ ELEMANLARI - GENEL BİLGİLER
Sabit Uzunlukta Kontrol Alanı 161009b tu 000 0
035 ## - SİSTEM KONTROL NUMARASI
Sistem Kontrol Numarası 15905
040 ## - KATALOGLAMA KAYNAK
Orijinal Kataloglama Ajansı Milas
Kataloglama Dili tur
Metne Dönüştürmek Ajansı TR-AnCHP
082 ## - DEWEY ONLU SINIFLANDIRMA NUMARASI
Sınıflandırma Numarası 320.9561
Ürün Numarası Y66m 2007
090 ## - SINIFLAMA NUMARASI
Sınıflama Numarası 320.9561 Y66m 2007
100 ## - ANA GİRİŞ - KİŞİSEL İSİM
Kişisel Ad Yorulmaz,Enver
245 ## - BAŞLIK TABLOSU
Başlık Merhaba ey demokrasi
Sorumluluk Tablosu, Vb Enver Yorulmaz
260 ## - YAYIN, DAĞITIM, VB
Yayın, Dağıtım, Vb Yeri Ankara
Yayıncı, Dağıtıcı, Vs Adı Üstün Çaba Yayınları
Yayın, Dağıtım, Vb Tarihi 2007
300 ## - FİZİKSEL TANIM
Kapsam 202 s.
Boyutlar 19 sm.
500 ## - GENEL NOT
Genel Not Kitabın iç kapak sayfası yırtılmış haldedir.
651 ## - KONU KATMA GİRİŞ - COĞRAFİ ADI
Coğrafi İsim Türkiye
Genel Alt Bölümü Demokrasi
Kronolojik Alt Bölümü Eleştiriler ve yorumlar
651 ## - KONU KATMA GİRİŞ - COĞRAFİ ADI
Coğrafi İsim Türkiye
Genel Alt Bölümü Siyaset ve yönetim
Kronolojik Alt Bölümü Eleştiriler ve yorumlar
942 ## - EKLENDİ GİRİŞ ELEMANLARI (KOHA)
Sınıflandırma Veya Raf Düzeni Kaynak Dewey Decimal Classification
Koha Öğesi Türü Books
999 ## - SİSTEM KONTROL NUMARALARI (KOHA)
Koha Biblionumber 7871
Koha Biblioitemnumber 7871
Holdings
Kalıcı Konum Mevcut Konum Edinme Tarihi Edinim Kaynak Toplam Check-Out'Lar Tam Çağrı Numarası Barkod Tarih Son Görülme İtibaren Geçerli Fiyatlar Koha Öğesi Türü
CHP Kütüphanesi CHP Kütüphanesi 09/27/2016 Bağış   320.9561 Y66m 2007 004238 09/27/2016 09/27/2016 Books